000 00361 a2200169 4500
001 182270
020 _a85-389-0069-2
040 _cMagnum
100 _aFrieiro, Eduardo
240 1 0 _aO mameluco boaventura
_lpor
245 1 0 _aO mameluco boaventura
300 _a110
362 0 _a1998
440 1 _aItatiaia
697 _aLITERATURA GERAL
942 _cBK
999 _c182270
_d182270